000 009270000a22003250004500
090 _aAR
_b01890
245 1 0 _aCariotipos con banda G del género Cebus
650 1 4 _aCitogenética
_915968
650 1 4 _aEvolución
_992797
650 1 4 _aPrimates
_992938
650 1 4 _aSistemática animal
_992968
651 4 _pColombia
_992749
651 4 _pPerú
_992749
651 4 _pEcuador
_992749
651 4 _pParaguay
_992749
651 4 _pBolivia
_992749
651 4 _pVenezuela
_pGuyanas
_992749
651 4 _pBrasil
_992749
653 _gCebus
_eCebus capucinus
653 _gCebus
_eCebus albifrons
653 _gCebus
_eCebus apella
041 0 _aEspañol
700 1 _aNieto, Dalia
_995343
700 1 _aSicardi, Diana
_995344
700 1 _aEspinel, Alvaro
_995345
700 1 _aAngulo, Pilar
_995346
100 1 _aGrot de R., Helena
_995347
942 _cARTICULO
773 1 _tBol. Primatol. Lat.
_3631
_h1
_q46-59
_d1992
_g3
999 _c10967
_d10967